Statistics for Biggest World Cities within 1,000 Km

Click here to take the quiz!

General Stats

  • This quiz has been taken 19,975 times
    (9,436 since last reset)
  • The average score is 45 of 78

Answer Stats

Country D (km) City % Correct
United States3360New York
98%
United Kingdom2500London
98%
Spain1054Madrid
96%
United States2479Los Angeles
96%
Russia2899Moscow
96%
Mexico11319Mexico City
94%
United States1484Miami
94%
Australia5380Sydney
94%
United States1158Chicago
93%
Japan2903Tokyo
93%
Egypt4363Cairo
92%
Turkey1243Istanbul
91%
United States1092Seattle
90%
India3654Delhi
89%
Argentina1674Buenos Aires
87%
China1201Shanghai
87%
United States1282Dallas
87%
Brazil7423São Paulo
86%
India1157Mumbai
86%
South Africa1261Cape Town
86%
Peru3130Lima
85%
Chile1139Santiago
85%
South Africa4483Johannesburg
85%
Australia2729Perth
83%
Iceland1325Reykjavik
83%
Indonesia3319Jakarta
83%
Colombia1869Bogotá
82%
Iran1913Tehran
81%
Thailand1533Bangkok
81%
Philippines1242Manila
81%
New Zealand2161Auckland
78%
Saudi Arabia1301Riyadh
75%
Nigeria6366Lagos
75%
United States3852Honolulu
75%
United States2134Anchorage
74%
China---Guangzhou
71%
Malaysia1177Kuala Lumpur
71%
Bolivia1078La Paz
69%
Bangladesh1425Dhaka
68%
Democratic Republic of the Congo1781Kinshasa
64%
Tanzania2453Dar es Salaam
61%
Sudan1606Khartoum
60%
Somalia1021Mogadishu
60%
Guatemala1059Guatemala City
59%
Senegal1800Dakar
58%
Dominican Republic1337Santo Domingo
54%
Madagascar1610Antananarivo
51%
Namibia1141Windhoek
50%
Denmark1437Nu{uk}
47%
Papua New Guinea2083Port Moresby
47%
Brazil1294Manaus
42%
Australia1284Al{ice Springs}
38%
Zambia1190Lusaka
36%
Federated States of Micronesia1016We{no}
34%
Brazil1630Recife
33%
Samoa1151Ap{ia}
33%
Fiji1332Suva
33%
Seychelles1085Vi{ctoria}
32%
Russia1018Yekaterinburg
30%
China1240Chengdu
30%
China1786Ürümqi
26%
Russia1291Novosibirsk
24%
Brazil1129Belém
22%
Solomon Islands1402Honiara
20%
Kiribati1871Ta{rawa}
18%
Australia1087Townsville
13%
Russia1353Yakutsk
12%
France2409Fa{aa}
10%
France1457Noumea
8%
Russia1512Petropavlovsk-Kamchatsky
8%
Russia1082Noril'sk
7%
Indonesia1046Jayapura
5%
Russia1492An{adyr}
5%
Australia1021Po{rt Hedland}
5%
United States2039Sa{ipan}
3%
New Zealand1139Av{arua}
3%
Chile3535Ha{nga Roa}
3%
Ecuador1054Pu{erto Ayora}
3%

Score Distribution

Percentile by Number Answered

Percent of People with Each Score

Your Score History

You have not taken this quiz since the last reset